Boletín Informativo /
Furkejuvvon:
| Searvvušdahkki: | |
|---|---|
| Materiálatiipa: | Girji |
| Giella: | Spanish |
| Almmustuhtton: |
Guatemala:
Banco de Guatemala
|
| Fáttát: | |
| Fáddágilkorat: |
Lasit fáddágilkoriid
Eai fáddágilkorat, Lasit vuosttaš fáddágilkora!
|
MARC
| LEADER | 00000nam a22000007a 4500 | ||
|---|---|---|---|
| 003 | cru IIS | ||
| 005 | 20220404113012.0 | ||
| 008 | 220404n gt s||p|r|||| 00| 0 spa d | ||
| 040 | |c cru IIS | ||
| 090 | |a REV0113 | ||
| 110 | 2 | |9 10364 |a Banco de Guatemala | |
| 245 | 1 | |a Boletín Informativo / |c Banco de Guatemala | |
| 260 | |a Guatemala: |b Banco de Guatemala | ||
| 270 | |a 7ª Avenida 22-01 zona 1, |b Ciudad de Guatemala |d Guatemala |e código postal 01001 | ||
| 500 | |a PERIODICIDAD : Quincenal EXISTENCIAS : 1989 1 (12) 1990 1 (13-18, 20-24) 2 (25-31, 34-36) 1991 2 (37-42, 46, 48-49) 3 (50, 54-60) 1992 3 (61-74) 4 (73-76, 79) 1993 4 (84-101) 1994 (102-103, 105, 107-109, 113,) 1995 (114-117, 119, 120-124) 1996 7 (126-136) 1997 9 (138-141, 143-144, 147-149) 1998 9-10 (151-153) | ||
| 500 | |a Colección Centroamérica | ||
| 650 | 0 | |9 5535 |a ESTADISTICAS ECONOMICAS | |
| 650 | 0 | |9 6359 |a LEGISLACIÓN ECONÓMICA | |
| 650 | 4 | |9 4380 |a MODELOS ECONOMICOS | |
| 651 | 0 | |9 142 |a GUATEMALA | |
| 942 | |2 ddc |c PP | ||
| 999 | |c 44172 |d 44172 | ||
